000 00419nam a22001697a 4500
003 MPLRDC
005 20220104143523.0
008 210129b ||||| |||| 00| 0 eng d
082 _a876.54 MOL v.2
100 _aMOLIERE
245 _a莫里哀喜剧. 2
_c李健吾译
250 _a一版一刷
260 _a
_b湖南人民出版社
_c1984
300 _b
650 _a法国文学
942 _cBK
_o876.54 MOL v.2
999 _c40722
_d40712